Normal view MARC view
  • GOHIL,, CHIRAG KUMAR J

Entry Personal Name

Number of records used in: 1

001 - CONTROL NUMBER

  • control field: 8771

003 - CONTROL NUMBER IDENTIFIER

  • control field: JRU

005 - DATE AND TIME OF LATEST TRANSACTION

  • control field: 20251121154549.0

008 - FIXED-LENGTH DATA ELEMENTS

  • fixed length control field: 251121|| aca||aabn | a|a d

040 ## - CATALOGING SOURCE

  • Original cataloging agency: JRU
  • Transcribing agency: JRU

100 ## - HEADING--PERSONAL NAME

  • Personal name: GOHIL,, CHIRAG KUMAR J

670 ## - SOURCE DATA FOUND

  • Source citation: Work cat.: (JRU)8946: GOHIL,, CHIRAG KUMAR J., FUNDAMENTALS OF PHARMACY : FOR GPAT & NIPER